000 00371nam a22001217a 4500
008 230620b xxu||||| |||| 00| 0 eng d
020 _a0297775898
082 _a320.4
_bBEL 1980
245 _aThe Government of The United Kingdom: Political Authority in a Changing Society
260 _aGreat Britain
_bWeidenfeld and Nicolson
_c1980
300 _aIX,438p
942 _2ddc
_cBK
999 _c1515
_d1515